Spôsoby merania rizika na devízovom trhu

Porovnanie dvoch druhov volatility (volatility počítanej na základe jednoduchej štandardnej odchýlky a volatility založenej na exponenciálne upravenom časovom rade) s aplikáciou na podmienky devízového trhu.

Gespeichert in:
Bibliographische Detailangaben
1. Verfasser: Laznia, Marcel
Format: Buchkapitel
Sprache:Slowakisch
Schlagworte:
Tags: Tag hinzufügen
Keine Tags, Fügen Sie das erste Tag hinzu!

MARC

LEADER 00000naa$a2200000$$$4500
001 0029218
005 20240502071433.2
041 0 |a slo 
044 |a SK 
245 1 0 |a Spôsoby merania rizika na devízovom trhu  |c Marcel Laznia 
520 |a Porovnanie dvoch druhov volatility (volatility počítanej na základe jednoduchej štandardnej odchýlky a volatility založenej na exponenciálne upravenom časovom rade) s aplikáciou na podmienky devízového trhu. 
610 2 0 |a trh devízový 
610 2 0 |a riziko 
610 2 0 |a rady časové 
610 2 0 |a modely ekonometrické 
610 2 0 |a výnosy 
100 1 |a Laznia, Marcel